| 000 | 00710nam a2200229Ia 4500 | ||
|---|---|---|---|
| 003 | OSt | ||
| 005 | 20240919104301.0 | ||
| 008 | 220927b |||||||| |||| 00| 0 eng d | ||
| 020 | _a0415445450 | ||
| 037 | _cTextual | ||
| 040 |
_aSDCL _cSDCL _beng |
||
| 041 |
_2eng _aeng |
||
| 082 | _aY:10bD6,8(B) P7 | ||
| 100 |
_aRajan, Nalini Ed. _9403249 |
||
| 245 | 0 |
_aDigital culture unplugged : _b Probing the native cyborg's multiple locations / |
|
| 260 |
_aLondon : _bRoutledge, _c2007. |
||
| 300 | _avii,219p. | ||
| 650 |
_a Rajan Nalini _9433998 |
||
| 650 |
_aSociology-Digitization _9433999 |
||
| 942 |
_hY:10bD6,8(B) P7 _cTEXL _2CC |
||
| 999 |
_c750400 _d750400 |
||